00962nam a22002537a 45000010005000000030006000050050017000110080041000280400029000690500014000980820010001121000022001222450077001442500041002212600029002623000045002915050007003365200246003435210018005895210018006076500025006256500025006507000033006757816FISKH20250811114545.0250811b cb ||||| |||| 00| 0 eng d aFISKHbengcFISKHdFISKH aPZ8.D28 C a398.2 aDavidson, Susanna aCinderella /cRetold by Susanna Davidson ; Illustrated by Fabiano Fiorin aThis edition first published in 2004 aLondon :bUsborne,c2004 a48 pages :bcolor illustrations ;c20 cm aL  a'You? Go to the ball?' said Cinderella's stepmother. 'You must be joking. You belong in the kitchen.' But Cinderella's fairy godmother has other ideas. With a wave of her wand, the magic begins. Cinderella's life is about to change forever. 8 a510 bLexile 8 aL bRaz-Plus  2CinderellaaPrincess 2Fairy talesaUsborne aFiorin, Fabianodillustrator